000 00334nam a2200133Ia 4500
008 191201s2003 xx 000 0 und d
100 _aWOOD, Allen J
245 0 _aPower Generation Operation and Control
250 _a2nd
260 _aN.Delhi
_bJohn Wiley and Sons
_c2003
300 _a569
650 _aB.Tech(ECE)
942 _2ddc
_cBK
999 _c3282
_d3282